00109nam a22000617a 4500082001300000100001100013245002300024 a500.1HAQ aHaque  aWill you not think